Racing rivals / by Evan Shine ; illustrated by Josh Holtsclaw.
Lightning McQueen is determined to defeat Italian racing superstar Francesco Bernoulli in an international racing tournament, but he might threaten his friendship with Mater in the process.
Record details
- ISBN: 9780736427791 (pbk.)
- ISBN: 0736427791 (pbk.)
- Physical Description: 1 v. (unpaged) : color illustrations ; 21 cm.
- Publisher: New York : Random House, c2011.
Content descriptions
| General Note: | Cover title. At head of title: Disney Pixar Cars 2. |
Search for related items by subject
| Genre: | Movie novels. |
| LDR | 01406cam a2200349Ia 4500 | ||
|---|---|---|---|
| 001 | 134106 | ||
| 003 | CONS | ||
| 005 | 20140703073308.0 | ||
| 008 | 110516s2011 nyua j 000 1 eng d | ||
| 020 | . | ‡a9780736427791 (pbk.) | |
| 020 | . | ‡a0736427791 (pbk.) | |
| 035 | . | ‡a(CPomAG)LMN506439 | |
| 050 | 1 | 4. | ‡aPZ7.S55674 ‡bRac 2011 |
| 082 | 0 | 4. | ‡a[E] ‡222 |
| 100 | 1 | . | ‡aShine, Evan. |
| 245 | 1 | 0. | ‡aRacing rivals / ‡cby Evan Shine ; illustrated by Josh Holtsclaw. |
| 260 | . | ‡aNew York : ‡bRandom House, ‡cc2011. | |
| 300 | . | ‡a1 v. (unpaged) : ‡bcolor illustrations ; ‡c21 cm. | |
| 500 | . | ‡aCover title. | |
| 500 | . | ‡aAt head of title: Disney Pixar Cars 2. | |
| 520 | . | ‡aLightning McQueen is determined to defeat Italian racing superstar Francesco Bernoulli in an international racing tournament, but he might threaten his friendship with Mater in the process. | |
| 630 | 0 | 0. | ‡aCars 2 (Motion picture) ‡vJuvenile literature. |
| 650 | 0. | ‡aAutomobiles, Racing ‡vJuvenile fiction. | |
| 650 | 0. | ‡aAutomobiles ‡vJuvenile fiction. | |
| 650 | 1. | ‡aAutomobiles ‡vFiction. | |
| 650 | 1. | ‡aFriendship ‡vFiction. | |
| 650 | 1. | ‡aAutomobile racing ‡vFiction. | |
| 655 | 7. | ‡aMovie novels. ‡2sears | |
| 700 | 1 | . | ‡aHoltsclaw, Josh, ‡eillustrator. |
| 730 | 0 | . | ‡aCars 2 (Motion picture) |
| 959 | . | ‡i32269000892573 ‡lBR Dis ‡aJuvenile - Easy ‡tBeginning Reader ‡g18.00 | |
| 852 | . | ‡p32269000892573 ‡jBR Dis ‡gJuvenile - Easy ‡cBeginning Reader ‡y18.00 ‡bSBPL | |
| 901 | . | ‡a134106 ‡bUnknown ‡c134106 ‡tbiblio | |